[Event "FRA-ch U12 Girls"]
[Site "Hyeres"]
[Date "2002.??.??"]
[Round "8.7"]
[White "Wendling, Judith"]
[Black "Ezanno, Morgane"]
[Result "0-1"]
[WhiteElo "1330"]
[BlackElo "1470"]
[PlyCount "74"]
[EventDate "2002.04.05"]
[EventType "swiss"]
[EventRounds "9"]
[EventCountry "FRA"]
[SourceTitle "EXT 2003"]
[Source "ChessBase"]
[SourceDate "2002.11.25"]
[SourceVersion "1"]
[SourceVersionDate "2002.11.25"]
[SourceQuality "1"]

1. e4 c5 2. Nf3 e6 3. Nc3 Nc6 4. Bc4 a6 5. d4 cxd4 6. Nxd4 Nge7 7. Nf3 Ng6 8. Be3 b5 9. Bg5 f6 10. Bxe6 dxe6 11. Qxd8+ Nxd8 12. Bd2 Bc5 13. 0-0 0-0 14. Be3 Bd6 15. Rad1 Nf7 16. a4 bxa4 17. Nxa4 Bb7 18. Nb6 Rad8 19. Nd4 Rfe8 20. Ra1 Bc7 21. Nc4 Rc8 22. Bd2 Bxh2+ 23. Kxh2 Rxc4 24. Bc3 e5 25. Nf5 Rxe4 26. Rfd1 Re6 27. Rd7 Bc8 28. Rc7 Re8 29. Ng3 Rh4+ 30. Kg1 Nf4 31. Ra5 Rd8 32. Kf1 Rd1+ 33. Be1 Nd6 34. Re7 Kf8 35. Rc7 Bf5 36. Ra7 Ne4 37. R5xa6 Nd2+ 0-1